Ridley Scott Movies - Statistics

General Stats
  • This quiz has been taken 153 times
  • The average score is 12 of 20
Answer Stats
Year Star Description Movie % Correct
1979 Sigourney Weaver Extraterrestrial creature kills space miners Alien
98%
2000 Russell Crowe Former Roman general becomes a slave Gladiator
97%
2015 Matt Damon Only science can rescue a scientist stuck on Mars The Martian
89%
1982 Harrison Ford Bounty-hunter hunts escaped replicants Blade Runner
88%
1991 Geena Davis Two women drive into the Grand Canyon Thelma & Louise
79%
2023 Joaquin Phoenix Life of the "Little Corporal" Napoleon
71%
2001 Anthony Hopkins Cannibal victim plans to avenge his perpetrator Hannibal
70%
2021 Lady Gaga Outsider marches into a powerful fashion house House of Gucci
67%
2001 Josh Hartnett U.S. military's 1993 raid in Mogadishu Black Hawk Down
65%
2012 Michael Fassbender Space explorers are in search for mankind's origins Prometheus
63%
2010 Cate Blanchett Medieval archer fights an evil English king Robin Hood
62%
1997 Demi Moore Fictional story of the first woman to undergoU.S. special operations training G.I. Jane
57%
2007 Denzel Washington Harlem drug lord imports heroin from Vietnam American Gangster
52%
2005 Orlando Bloom French Crusader fights Saladin's army Kingdom of Heaven
50%
2014 Christian Bale Founding myth of the Israelites Exodus: Gods And Kings
33%
1985 Tom Cruise Unicorns are the ones that keep the day light Legend
33%
2021 Adam Driver Medieval knight has a dispute with his squire The Last Duel
32%
2017 Michelle Williams Billionaire's grandchild is kidnapped in Rome All the Money in the World
28%
1977 Harvey Keitel French soldiers duel many times throughout years The Duellists
27%
2008 Leonardo DiCaprio CIA attempts to catch a terrorist in the Middle East Body of Lies
16%
No matching quizzes found
Score Distribution
Percent of People with Each Score
Percentile by Number Answered
Your Score History
You have not taken this quiz